| 000 | 00663nam a22002177a 4500 | ||
|---|---|---|---|
| 003 | BUBTL | ||
| 008 | 180911b xxu||||| |||| 00| 0 eng d | ||
| 020 | _a0072339705 | ||
| 082 | _a368/ H237r/ 2004 | ||
| 100 |
_92013 _aHarrington, Scott E. |
||
| 245 |
_aRisk Managementn and Insurance: _cScott E. Harrington, Gregory R. Niehaus |
||
| 250 | _a2nd | ||
| 260 |
_aNew Delhi _bMc Graw Hill _cc2004 |
||
| 300 |
_a[xxiv], 672p . : _bill. Table ; 24cm . |
||
| 500 | _aIncludes Index . | ||
| 650 | 0 |
_918 _aFinance |
|
| 700 |
_92014 _aScott E. Harrington, Gregory R. Niehaus |
||
| 856 |
_k0 _l0 _yDownload |
||
| 942 |
_2ddc _cBK |
||
| 999 |
_c5793 _d5793 |
||